| Поле | Название | Значение |
| |
Тип записи |
a |
| |
Библиографический уровень |
m |
| 001 |
Контрольный номер |
RU\bookru\bibl\916593 |
| 003 |
Постоянный идентификатор записи |
http://www.book.ru/book/916593 |
| 005 |
Дата корректировки |
20161026112404.8 |
| 010 |
Индекс ISBN |
__ |
| a |
ISBN |
978-5-406-04171-0 |
| 100 |
Данные общей обработки |
0_ |
| a |
Данные общей обработки |
20150315d2015 mk y0rusy50 ca |
| 101 |
Язык документа |
0_ |
| a |
Язык текста |
Русский |
| 102 |
Страна публикации |
__ |
| a |
Страна публикации |
RU |
| 105 |
Кодированные данные (монография) |
__ |
| a |
Кодированные данные (монография) |
y ||||000yy |
| 200 |
Заглавие и сведения об ответственности |
1_ |
| a |
Заглавие |
Как компании стать первоклассным заемщиком |
| 210 |
Выходные данные |
__ |
| a |
Место издания |
Москва |
| c |
Издательство |
КноРус |
| d |
Дата издания |
2015 |
| 215 |
Физическое описание |
__ |
| a |
Объем |
240 |
| 330 |
Аннотация |
__ |
| a |
Аннотация |
Книга предназначена для предпринимателей и руководителей, специалистов финансовых и бухгалтерских служб малого и среднего бизнеса, для которых банковские кредиты представляют собой основной реальный источник развития. Автор создал для предпринимателей своего рода, «кредитный букварь». В книге, написанной легким и доступным языком, рассказано в минимально необходимых объемах о существующих кредитных и расчетных возможностях, о разнообразных финансовых инструментах и даны рекомендации, как и в каких случаях ими можно воспользоваться. Даны советы, какую подготовительную работу нужно провести, чтобы получать банковские кредиты, как организовать работу с банками и как в целом формировать и проводить кредитную политику, чтобы стать первоклассным заемщиком. |
| 606 |
Тематические рубрики |
__ |
| a |
Основная рубрика |
Банковское дело. Кредит |
| 2 |
Код системы |
local |
| 608 |
Указатель предметных рубрик |
__ |
| a |
Жанр/форма |
Информационное издание |
| 2 |
Код системы |
local |
| 675 |
Индекс УДК |
__ |
| a |
Индекс УДК |
336.71 |
| z |
Язык издания |
rus |
| 686 |
Индексы других классификаций |
__ |
| a |
Классификационный индекс |
65.262.1 |
| 2 |
Код системы |
rubbk |
| 700 |
Автор |
_1 |
| a |
Фамилия |
Попов Г.П. |
| 801 |
Источник записи |
_1 |
| a |
Страна |
RU |
| b |
Организация |
book_ru |
| c |
Дата составления |
20150315 |
| g |
Правила каталогизации |
RCR |
| 856 |
Электронный адрес документа |
4_ |
| u |
Универсальный указатель ресурса (URL) |
http://www.book.ru/book/916593 |
| 951 |
|
__ |
| a |
|
http://www.book.ru/book/916593 |